000 00769nam a2200205 a 4500
001 000017908
005 20200929165257.0
008 100407s1996 dr c 000 0 spa d
040 _aDO-SdBNP
_bspa
_cBNPHU
082 _a972.9354
_bP192i
100 1 _aPaniagua Marte, José
_d1959-
_91713
245 1 3 _aLa isla de los pendejos :
_bun análisis cronológico de nuestra historia /
_cJosé Paniagua Marte ; prólogo Rubén Ventura Taylor.
260 _aSanto Domingo :
_bTaller,
_c1996.
300 _a96 p. :
_bretrs. ;
_c21 cm.
500 _aIncluye datos biográficos del autor en la contracubierta
504 _aIncluye bibliografías (p. 92-94)
650 4 _aRepública dominicana
_xHistoria
_9416
700 1 _aVentura Taylor, Rubén,
_epról.
_938854
049 _aBNPD
999 _c17432
_d17432